书目信息 |
| 题名: |
热弹性问题的有限元方法及程序设计
|
|
| 作者: | 蔡永恩 编著 | |
| 分册: | ||
| 出版信息: | 北京 北京大学出版社 1997.10 |
|
| 页数: | 348页 | |
| 开本: | 32开 | |
| 丛书名: | ||
| 单 册: | ||
| 中图分类: | ||
| 科图分类: | ||
| 主题词: | 固体力学 | |
| 电子资源: | ||
| ISBN: | 7-301-02786-9 | |
| 000 | 00617nam0 2200205 45 | |
| 001 | 9911301585 | |
| 005 | 19991130155437.8 | |
| 010 | @a7-301-02786-9@d17.00元 | |
| 100 | @a19991130d1997 km y0chiy0120 ea | |
| 101 | @achi | |
| 105 | @a z 000yy | |
| 200 | 1 | @a热弹性问题的有限元方法及程序设计@ARe Dan Xing Wen Ti De You Xian Yuan Fang Fa Ji Cheng Xu She Ji@f蔡永恩编著@FCai Yong En Bian Zhu |
| 210 | @a北京@c北京大学出版社@d1997.10 | |
| 215 | @a348页@d32开 | |
| 606 | 0 | @a固体力学 |
| 690 | @v3 | |
| 690 | @aO343.6 | |
| 701 | @a蔡永恩@4编著 | |
| 801 | @aCN@bPFTUser@c19991130 | |
| 905 | @f3@b45195-197@dO343.6@eC231 | |
| 热弹性问题的有限元方法及程序设计/蔡永恩编著.-北京:北京大学出版社,1997.10 |
| 348页;32开 |
| ISBN 7-301-02786-9:17.00元 |
| ● |
| 相关链接 |
|
|
|
正题名:热弹性问题的有限元方法及程序设计
索取号:O343.6/C231
 
预约/预借
| 序号 | 登录号 | 条形码 | 馆藏地/架位号 | 状态 | 备注 |
| 1 | 45195 | 200451956 | 自科库401/401自科库 53排1列5层/ [索取号:O343.6/C231] | 在馆 | |
| 2 | 45196 | 200451965 | 自科库401/401自科库 53排1列5层/ [索取号:O343.6/C231] | 在馆 | |
| 3 | 45197 | 200451974 | 自科库401/401自科库 53排1列5层/ [索取号:O343.6/C231] | 在馆 |